| 000 | 00372nam a2200145Ia 4500 | ||
|---|---|---|---|
| 008 | 130318s9999 xx 000 0 und d | ||
| 020 | _a8178672227 | ||
| 082 | _a006.3 NIL/A | ||
| 100 | _aNilsson, Nils J | ||
| 245 | _aArtificial intelligence: A new synthesis | ||
| 260 |
_bMorgan Kaufmann _aU.S.A _c1998 |
||
| 300 | _a513 | ||
| 650 | _aAI | ||
| 650 | _aARTIFICIAL INTELLIGENCE | ||
| 999 |
_c615 _d615 |
||